| 000 | nam a22 7a 4500 | ||
|---|---|---|---|
| 999 |
_c27805 _d27805 |
||
| 008 | 170210b xxu||||| |||| 00| 0 eng d | ||
| 050 | _aR 838.5 .K37 2012 | ||
| 100 |
_aKaplan. _d2012 |
||
| 245 |
_aMCAT biology review notes/ _cKaplan. |
||
| 260 |
_aNew york: _bKaplan publishing, _c2012. |
||
| 300 |
_a571p.: _bill.; _c28cm. |
||
| 521 | _aIncludes index. | ||
| 650 | _aBiology. | ||
| 942 |
_2lcc _cBOOKS _hR 838.5 .K37 2012 |
||